Unified Concepts of Electronics (Record no. 4291)

MARC details
005 - DATE AND TIME OF LATEST TRANSACTION
control field 20250623063159.0
020 ## - INTERNATIONAL STANDARD BOOK NUMBER
International Standard Book Number 13-937631-3
082 ## - DEWEY DECIMAL CLASSIFICATION NUMBER
Classification number LM 621.381 HER
100 ## - MAIN ENTRY--PERSONAL NAME
Author name HERRICK, C. N.
245 ## - TITLE STATEMENT
Title Unified Concepts of Electronics
260 ## - PUBLICATION, DISTRIBUTION, ETC.
Place of publication, distribution, etc. New Jersey,
Name of publisher, distributor, etc. Prentice-Hall,
Date of publication, distribution, etc. 1970.
300 ## - PHYSICAL DESCRIPTION
Extent xiii, 670p.: ill.; figure, table.
Other physical details Glossary, index.
Dimensions 24cm.
942 ## - ADDED ENTRY ELEMENTS (KOHA)
Source of classification or shelving scheme Dewey Decimal Classification
Koha item type Books
Holdings
Date last seen Total checkouts Full call number Barcode Cost, replacement price Price effective from Koha item type Lost status Source of classification or shelving scheme Damaged status Not for loan Withdrawn status Home library Current library Shelving location Date acquired Cost, normal purchase price
06/18/2025   LM 621.381 HER 00000013163 30000.00 06/18/2025 Books   Dewey Decimal Classification       College of Business Education Main Library College of Business Education Main Library General Collection 01/28/1997 10000.00